Skip to content
VuFind
All Fields
Title
Author
Subject
Call Number
ISBN/ISSN
Tag
Find
Advanced
Condominiums Purchase,Investme...
Cite this
Print
Export Record
Export to RefWorks
Export to EndNoteWeb
Export to EndNote
Export to MARC
Condominiums Purchase,Investment & Habitat
Bibliographic Details
Main Author:
Tunku Halim Abdullah
Format:
Book
Holdings
Description
Similar Items
Staff View
MARC
LEADER
00000cam a2200000 7i4500
001
0000009750
002
000010616
005
20000330.0
020
|a
9679785629
090
0
0
|a
643.2
|b
HAL
100
0
|a
Tunku Halim Abdullah
245
1
0
|a
Condominiums Purchase,Investment & Habitat
999
|a
054400
|b
BUKU
|c
PINJAMAN
|e
PERPUSTAKAAN KOMUNITI CAW KOTA DAMANSARA
Similar Items
Everything the condominium developer should havetold you,but didin't
by: Halim Abdullah
Published: (1992)
Guide to condominiums & apartments in the Klang Valley
by: Leong, Alan
Published: (2000)
My home , my investment : modern living in Penang
by: Ch'ng Huck Theng
Published: (2011)
Home rich : increasing the value of the biggest investment of your life
by: Willis, Gerri
Published: (2008)
PURCHASING : Principles and applications
Published: (1991)